Normal view
MARC view
- LOVIS, F. B,TAGG, E. D
Entry Personal Name
001 - CONTROL NUMBER
- control field: 74105
003 - CONTROL NUMBER IDENTIFIER
- control field: NUST
005 - DATE AND TIME OF LATEST TRANSACTION
- control field: 20210628205132.0
008 - FIXED-LENGTH DATA ELEMENTS
- fixed length control field: 210628|| aca||aabn | a|a d
040 ## - CATALOGING SOURCE
- Original cataloging agency: NUST
- Transcribing agency: NUST
100 ## - HEADING--PERSONAL NAME
- Personal name: LOVIS, F. B,TAGG, E. D
670 ## - SOURCE DATA FOUND
- Source citation: Work cat.: (NUST): LOVIS, F. B,TAGG, E. D, INFORMATICS EDICATION FOR ALL STUDENT AT UNIVERSITY LEVELS, 1984
